Cores to clusters (Record no. 16210)

MARC details
000 -LEADER
fixed length control field 00737nam a2200217Ia 4500
003 - CONTROL NUMBER IDENTIFIER
control field IN-BaIIA
008 - FIXED-LENGTH DATA ELEMENTS--GENERAL INFORMATION
fixed length control field 211028s9999 xx 000 0 eng d
020 ## - INTERNATIONAL STANDARD BOOK NUMBER
International Standard Book Number 0-387-26322-5
040 ## - CATALOGING SOURCE
Transcribing agency IIA Library
080 ## - UNIVERSAL DECIMAL CLASSIFICATION NUMBER
Universal Decimal Classification number 52(082.1)
Item number ASS-324
245 #0 - TITLE STATEMENT
Title Cores to clusters
Remainder of title star formation with next generation telescopes
Statement of responsibility, etc. edited by M. S. N. Kumar, M. Tafalla and P. Caselli
260 ## - PUBLICATION, DISTRIBUTION, ETC.
Place of publication, distribution, etc. New York
Name of publisher, distributor, etc. Springer
Date of publication, distribution, etc. 2005
300 ## - PHYSICAL DESCRIPTION
Extent xv, 216p.
490 ## - SERIES STATEMENT
Series statement Astrophysics and space science library; v. 324
650 ## - SUBJECT ADDED ENTRY--TOPICAL TERM
Topical term or geographic name entry element Star clusters
9 (RLIN) 6686
650 ## - SUBJECT ADDED ENTRY--TOPICAL TERM
Topical term or geographic name entry element Star formation
700 ## - ADDED ENTRY--PERSONAL NAME
Personal name Caselli, P., ed.
9 (RLIN) 29981
700 ## - ADDED ENTRY--PERSONAL NAME
Personal name Kumar, M. S. N., ed.
9 (RLIN) 29982
700 ## - ADDED ENTRY--PERSONAL NAME
Personal name Tafalla, M., ed.
9 (RLIN) 29983
942 ## - ADDED ENTRY ELEMENTS (KOHA)
Koha item type Books
Holdings
Withdrawn status Lost status Damaged status Not for loan Home library Current library Shelving location Date acquired Source of acquisition Cost, normal purchase price Total Checkouts Full call number Barcode Date last seen Cost, replacement price Price effective from Koha item type Purchase Price
        IIA Library-Bangalore IIA Library-Bangalore General Stacks 29/08/2006 PBPL 7489.50   52(082.1)/ ASS-324 17132 05/11/2021 7489.50 29/08/2006 Books Rs. 7489.50

Powered by Koha